| 000 | 01261nam a2200409 a 4500 | ||
|---|---|---|---|
| 005 | 20240412131056.0 | ||
| 008 | 100805s1974||||sp |||f ||||00 1 0 spa d | ||
| 020 | _a8470571664 | ||
| 041 | _aspa | ||
| 092 |
_c170 _l31 _sGUA |
||
| 100 | 1 |
_aGuardini, Romano _93147 |
|
| 245 | 4 |
_aUna ética para nuestro tiempo. _bReflexiones sobre formas de vida cristiana / _cRomano Guardini |
|
| 250 |
_a2a ed. _bTraducción al castellano de la versión en alemán por José María Valverde |
||
| 260 |
_aMadrid: _bCristiandad; _c1974. |
||
| 300 | _a191 p. | ||
| 500 | _aGuardini, R. (1974). Una ética para nuestro tiempo. Reflexiones sobre formas de vida cristiana. (2a ed.). Madrid : Cristiandad. | ||
| 590 | _aDonación Dora Vera, febrero 2017 | ||
| 653 | _aSobre la esencia de la virtud | ||
| 653 | _aVeracidad | ||
| 653 | _aAceptación | ||
| 653 | _aPaciencia | ||
| 653 | _aJusticia | ||
| 653 | _aRespeto | ||
| 653 | _aFidelidad | ||
| 653 | _aFalta de intenciones | ||
| 653 | _aAscetismo | ||
| 653 | _aÁnimo | ||
| 653 | _aBondad | ||
| 653 | _aComprensión | ||
| 653 | _aCortesía | ||
| 653 | _aGratitud | ||
| 653 | _aAltruismo | ||
| 653 | _aConcentración | ||
| 653 | _aSilencio | ||
| 653 | _aLa justicia ante Dios | ||
| 942 |
_2ddc _cBK |
||
| 999 |
_c2338 _d2338 |
||